00738nam a2200193 a 450000100100000000500170001000800410002704000250006808200150009310000460010824500830015426000380023730000310027550000630030670000360036904900090040595201130041499900170052700002179220200930011443.0100913s2000 dr c 000 0 spa d aDO-SdBNPbspacBNPHU axxxbB588l1 aBienvenido Jerez, Héctor,d1959-94527410aLuto en la democracia /cHéctor Bienvenido Jerez ; prólogo Víctor Brens. aSanto Domingo :bCorripio,c2000. a381 p. :bretrs. ;c23 cm. aIncluye datos biográficos del autor en la contracubierta1 aBrens, Víctorepról.937169 aBNPD 0010718PDaPDbPDcCTd2010-09-13iLF1l0oxxx B588lp21792-10r2020-06-25w2020-06-25yLFPDZNo se presta c21291d21291